Projecto de organisação do corpo diplomatico e consular brazileiro / (Record no. 165357)

MARC details
000 -LEADER
campo de control de longitud fija 00631nam a2200169 i 4500
001 - NÚMERO DE CONTROL
campo de control 165357
003 - IDENTIFICADOR DE NÚMERO DE CONTROL
campo de control ES-MaACL
005 - FECHA Y HORA DE LA ÚLTIMA TRANSACCIÓN
campo de control 20230906213124.0
008 - DATOS DE LONGITUD FIJA--INFORMACIÓN GENERAL
campo de control de longitud fija 000103s1878 po |||| | por d
040 ## - FUENTE DE CATALOGACIÓN
Centro catalogador/agencia de origen CCPB | B
Lengua de catalogación spa
Centro/agencia transcriptor CCPB | B
100 1# - ENTRADA PRINCIPAL--NOMBRE DE PERSONA
Nombre de persona Silva, Viriato da.
9 (RLIN) 132744
245 10 - MENCIÓN DEL TÍTULO
Título Projecto de organisação do corpo diplomatico e consular brazileiro /
Mención de responsabilidad, etc. Viriato da Silva.
260 ## - PUBLICACIÓN, DISTRIBUCIÓN, ETC.
Lugar de publicación, distribución, etc. Porto :
Nombre del editor, distribuidor, etc. [s.n.],
Fecha de publicación, distribución, etc. 1878 (
Fabricante Typographia Occidental)
300 ## - DESCRIPCIÓN FÍSICA
Extensión 63 p. ;
Dimensiones 21 cm.
651 #4 - PUNTO DE ACCESO ADICIONAL DE MATERIA--NOMBRE GEOGRÁFICO
Nombre geográfico Brasil-
Subdivisión general Servicio diplomático y consular-
Subdivisión de forma Historia.
9 (RLIN) 170198
852 ## - LOCALIZACIÓN
Ubicación ES-MaACL
Número de control de estantería T-349-F-10
Nota libre -- Enc. hol.
-- -- Enc. en un vol. facticio
Holdings
Estatus retirado Estado de pérdida Estado de daño No para préstamo Colección Biblioteca de origen Biblioteca actual Ubicación en estantería Fecha de adquisición Total de préstamos Signatura topográfica completa Código de barras Visto por última vez Precio de reemplazo Tipo de ítem Koha
        Colección de folletos Biblioteca del Ateneo de Madrid Biblioteca del Ateneo de Madrid Depósito folletos 17/01/2008   T-349-F-10 1173393 23/02/2023 23/02/2023 Folleto